Molecular cloning of alkaline phosphatase, acid phosphatase and phytase genes from aspergillus fumigatus for applications in biotechnological industries
Esta investigacin̤ tuvo como objetivo aislar y clonar de manera exitosa los genes de Aspergillus fumigatus para producir fosfatasa c̀ida, fosfatasa alcalina y fitasa con fines de aplicacin̤ industrial. Ya que el suelo es una fuente para el aislamiento de este hongo, se tomaron muestras de este de lo...
Saved in:
| Andre forfattere: | , , |
|---|---|
| Format: | Bog |
| Sprog: | engelsk |
| Fag: | |
| Online adgang: | Molecular cloning of alkaline phosphatase, acid phosphatase and phytase genes from aspergillus fumigatus for applications in biotechnological industries |
| Tags: |
Tilføj Tag
Ingen Tags, Vær først til at tagge denne postø!
|
MARC
| LEADER | 00000nam a22000004a 4500 | ||
|---|---|---|---|
| 001 | vpro9447 | ||
| 005 | 20201223000000.0 | ||
| 008 | 160117s2016 ck # g## #001 0#eng#d | ||
| 020 | |||
| 022 | |a 0975-1459 | ||
| 040 | |a CO-BoINGC | ||
| 041 | 0 | |a eng | |
| 245 | 1 | 0 | |a Molecular cloning of alkaline phosphatase, acid phosphatase and phytase genes from aspergillus fumigatus for applications in biotechnological industries |
| 246 | |a Clonacin̤ molecular de genes de fosfatasa alcalina, fosfatasa c̀ida y fitasa de aspergillus fumigatus para aplicaciones en industrias biotecnolg̤icas | ||
| 264 | |a Bogot ̀(Colombia) : |b Revista VirtualPRO, |c 2016 | ||
| 520 | 3 | |a Esta investigacin̤ tuvo como objetivo aislar y clonar de manera exitosa los genes de Aspergillus fumigatus para producir fosfatasa c̀ida, fosfatasa alcalina y fitasa con fines de aplicacin̤ industrial. Ya que el suelo es una fuente para el aislamiento de este hongo, se tomaron muestras de este de los jardines Kengeri (Bangalore, Karnataka, India). Se purific ̤el cultivo y sus condiciones se estandarizaron. | |
| 650 | \ | \ | |a Hongos |
| 650 | \ | \ | |a Ciencias biolg̤icas |
| 650 | \ | \ | |a Biotecnologa̕ |
| 650 | \ | \ | |a Tecnologa̕ |
| 650 | \ | \ | |a Fungi |
| 650 | \ | \ | |a Life Sciences |
| 650 | \ | \ | |a Biotechnology |
| 650 | \ | \ | |a Technology |
| 650 | \ | \ | |a Biologa̕ molecular |
| 650 | \ | \ | |a Clonacin̤ molecular |
| 650 | \ | \ | |a Aspergillus fumigatus |
| 650 | \ | \ | |a Enzimas |
| 650 | \ | \ | |a Fosfatasa alcalina |
| 650 | \ | \ | |a Fosfatasa c̀ida |
| 650 | \ | \ | |a Fitasa |
| 650 | \ | \ | |a Molecular Biology |
| 650 | \ | \ | |a Molecular Cloning |
| 650 | \ | \ | |a Aspergillus fumigatus |
| 650 | \ | \ | |a Enzymes |
| 650 | \ | \ | |a Alkaline Phosphatase |
| 650 | \ | \ | |a Acid Phosphatase |
| 650 | \ | \ | |a Phytase |
| 700 | \ | \ | |a Suresh Neelakantan |
| 700 | \ | \ | |a Das Arunava |
| 700 | \ | \ | |a PharmaInfo Publications |
| 856 | |z Molecular cloning of alkaline phosphatase, acid phosphatase and phytase genes from aspergillus fumigatus for applications in biotechnological industries |u https://virtualpro.unach.elogim.com/biblioteca/clonacion-molecular-de-genes-de-fosfatasa-alcalina-fosfatasa-acida-y-fitasa-de-aspergillus-fumigatus-para-aplicaciones-en-industrias-biotecnologicas | ||